Statistiques concernant Paroles - Noël Blanc

Cliquez ici pour prendre le quiz!

Statistiques générales

  • Ce quiz a été pris 66 fois
  • Le résultat moyen est 89 sur 158

Statistiques - réponses

Mots% Correct
blanc
98%
Noël
96%
d'
88%
l'
88%
L'
88%
le
84%
Le
84%
à
80%
j'
80%
J'
80%
la
80%
La
80%
En
78%
sapin
78%
neige
73%
de
71%
enfant
71%
mon
71%
aime
67%
mes
67%
quand
65%
au
63%
Et
63%
chanter
61%
entends
61%
Oh !
61%
rêve
61%
beau
59%
argent
55%
ciel
55%
Je
55%
je
55%
scintillant,
53%
joies
51%
51%
revoir
51%
autres
45%
est
43%
blancs
41%
bon
41%
heure
41%
Maman
41%
Noëls
41%
pour
41%
sonner
41%
tes
41%
yeux
41%
dans
39%
vieillard
39%
clairs,
37%
songe
37%
descend
35%
revois
35%
Tout
35%
feu
33%
nuit
31%
ils
29%
amis
27%
souvenirs
27%
tous
27%
attends
24%
chants
24%
bois
22%
joyeux
22%
pleine
22%
table
20%
venir
20%
craque
18%
déjà
18%
écoutant
18%
garnie
18%
prêt
18%
vont
18%

Distribution des résultats

Percentile par nombre de réponses

% des personnes avec chaque résultat

Votre développement - résultats

Vous n’avez pas pris ce quiz